|
|
|
|
| LEADER |
01082nam a22002537a 4500 |
| 001 |
33386 |
| 003 |
BD-DhAAL |
| 005 |
20250623155753.0 |
| 008 |
180722s2018 bg a|||| |||| 00| 0 eng d |
| 040 |
|
|
|a BD-DhAAL
|d BD-DhAAL
|
| 082 |
|
|
|a 728.37
|2 21
|
| 245 |
|
|
|a Facere.2 /
|c edited by Manifa Rehunma.
|
| 260 |
|
|
|a Dhaka :
|b Military Institute of Science and technology (MIST),
|c 2018.
|
| 300 |
|
|
|a 179 pages :
|b color illustrations ;
|c 22 cm.
|
| 500 |
|
|
|a In collaboration with Department of Architecture, MIST
|
| 526 |
|
|
|a ARC
|
| 541 |
|
|
|a Department of Architecture
|e 33386
|
| 650 |
|
|
|a Architecture, Domestic.
|9 27571
|
| 650 |
|
|
|a Architecture, Modern
|y 20th century.
|9 27572
|
| 710 |
|
|
|a Military Institute of Science and technology (MIST)
|9 27573
|
| 852 |
|
|
|a Department of Architecture
|c General Stacks
|
| 942 |
|
|
|2 ddc
|c BK
|
| 999 |
|
|
|c 39877
|d 39877
|
| 952 |
|
|
|0 0
|1 0
|2 ddc
|4 0
|6 728_370000000000000_FRC
|7 0
|9 63875
|a BRACUL
|b BRACUL
|c GEN
|d 2018-07-22
|e Department of Architecture
|l 1
|o 728.37 FRC
|p 3010033386
|r 2025-08-03
|s 2025-07-28
|t 1
|w 2018-07-22
|y BK
|x Transferred from ARC to BRACUL on 28/12/2023
|